Przybyszewski

Titel: Przybyszewski / Stanisław Helsztyński
Verfasser:
Veröffentlicht: Kraków : Wydawn. Literackie, 1958
Umfang: 519 S. : Ill.
Format: Buch
Sprache: Polnisch
RVK-Notation:
Schlagworte:
Kein Bild verfügbar
X
alg: 35700198
001A    $03004:19-03-15 
001B    $01999:16-09-17 $t21:22:29.000 
001C    $03004:19-03-15 $t11:39:58.000 
001D    $03004:19-03-15 
001U    $0utf8 
001X    $00 
002@    $0Aau 
003@    $0357001982 
003O    $03221162 $aOCoLC 
006L    $0BV005648746 $2BVB 
007A    $0357001982 $aHEB 
007G    $0DE020F3115495A5E42E6BC1257E130054B5E8 
009P    $qapplication/pdf $A2 $3Inhaltsverzeichnis $uhttp://scans.hebis.de/HEBCGI/show.pl?35700198_toc.pdf $mV:DE-603;B:DE-Mb50 
010@    $apol 
011@    $a1958 $n1958 
021A    $aPrzybyszewski $hStanisław Helsztyński 
028A    $7124776353 $8Helsztyński, Stanisław$Z1891-1986 [Tp1] $9120234335 
033A    $pKraków $nWydawn. Literackie 
034D    $a519 S. : Ill. 
041A    $RPrzybyszewska, Stanisława $#Пшибышевский, Станислав $#פשיבישבסקי, סטניסלב $#Przybyszewski, Stanislaus $#Przybyszewski, Stanislaw $#Pšibyševskij, Stanislav $#Pshibyshevskiĭ, St. $#Przybyszewski, Stachu $#Stachu $#Pshebyshevskiĭ, S. $#Pšybyševskis, St. $#Pšibyševskij, St. $#פשיבישעווסקי, סטניסלב $#פשיבישבסקי, סטאניסלאב $7118742108 $8Przybyszewski, Stanisław$Z1868-1927 [Tp1] $9087082829 
045Z    $8KP 4105 [Tkv] $9409276049 

lok: 35700198 24

exp: 35700198 24 1 #EPN
201B/01 $008-06-16 $t10:18:44.000 
201C/01 $008-06-16 
201U/01 $0utf8 
203@/01 $0776066579 
208@/01 $a08-06-16 $bz 
209A/01 $a16.04285 $du $f050 $h16 04285 $x00 
209C/01 $a16.04285 G $h16 04285 G 
209G/01 $a73844215 $x00 
220C/01 $awal 
244Z/01 $#Пшибышевский, Станислав $#פשיבישבסקי, סטניסלב $#Przybyszewski, Stanislaus $#Przybyszewski, Stanislaw $#Pšibyševskij, Stanislav $#Pshibyshevskiĭ, St. $#Przybyszewski, Stachu $#Stachu $#Pshebyshevskiĭ, S. $#Pšybyševskis, St. $#Pšibyševskij, St. $#פשיבישעווסקי, סטניסלב $#פשיבישבסקי, סטאניסלאב $7118742108 $8--Tp1--Przybyszewski, Stanisław$Z1868-1927 $x01 $9087082829 
247C/01 $8358050-7 Marburg, Bibliothek des Herder-Instituts Marburg $9102600961
LEADER 00000cam a2200000 c 4500
001 357001982
003 DE-603
005 20170916212229.0
007 tu
008 150319s1958 xx |||| | u00||u|pol c
035 |a (DE-599)HEB357001982 
035 |a (DE-604)BV005648746 
035 |a (OCoLC)3221162 
040 |a DE-603  |b ger  |c DE-603  |d DE-603 
041 |a pol 
084 |a KP 4105  |0 (DE-625)81246:11873  |0 (DE-603)409276049  |2 rvk 
100 1 |a Helsztyński, Stanisław  |d 1891-1986  |0 (DE-603)120234335  |0 (DE-588)124776353  |2 gnd 
245 0 0 |a Przybyszewski  |c Stanisław Helsztyński 
264 1 |a Kraków  |b Wydawn. Literackie  |c 1958 
300 |a 519 S. : Ill. 
600 1 7 |a Przybyszewski, Stanisław  |d 1868-1927  |0 (DE-588)118742108  |0 (DE-603)087082829  |2 gnd 
856 4 2 |m V:DE-603;B:DE-Mb50  |q application/pdf  |u http://scans.hebis.de/HEBCGI/show.pl?35700198_toc.pdf  |3 Inhaltsverzeichnis 
924 0 |9 Mb 50  |a (DE-603)776066579  |b DE-Mb50  |c HES  |d c  |g 16.04285